[Event "WMSG Blitz Team 1st (Women)"]
[Site "Beijing"]
[Date "2008.10.13"]
[Round "5"]
[White "Ozturk Orenli, Kubra"]
[Black "Stasiunaite, Lina"]
[Result "1-0"]
[WhiteElo "2254"]
[BlackElo "2148"]
[PlyCount "45"]
[EventDate "2008.10.13"]
[EventType "team (blitz)"]
[EventRounds "11"]
[EventCountry "CHN"]
[SourceTitle "CBM 126 Extra"]
[Source "ChessBase"]
[SourceDate "2008.11.05"]
[SourceVersion "1"]
[SourceVersionDate "2008.11.05"]
[SourceQuality "1"]

1. d4 d5 2. Nf3 c6 3. g3 Nf6 4. Bg2 g6 5. c4 Bg7 6. 0-0 0-0 7. Nbd2 Nbd7 8. b3 e6 9. Bb2 b6 10. Qc2 Bb7 11. Ne5 Nxe5 12. dxe5 Nd7 13. f4 Qc7 14. cxd5 exd5 15. Bxd5 Nc5 16. Bg2 Ne6 17. f5 gxf5 18. Qxf5 c5 19. Ne4 Kh8 20. Nf6 Bxf6 21. Qxf6+ Ng7 22. e6 fxe6 23. Qxf8+ 1-0

[Event "LTU-ch"]
[Site "Vilnius"]
[Date "2000.04.01"]
[Round "8"]
[White "Survila, Rimvydas"]
[Black "Stasiunaite, Lina"]
[Result "1-0"]
[WhiteElo "2240"]
[BlackElo "2158"]
[PlyCount "149"]
[EventDate "2000.03.25"]
[EventType "swiss"]
[EventRounds "9"]
[EventCountry "LTU"]
[SourceTitle "CBM 075 Extra"]
[Source "ChessBase"]
[SourceDate "2000.05.11"]
[SourceVersion "2"]
[SourceVersionDate "2000.05.11"]
[SourceQuality "1"]

1. d4 c6 2. e4 g6 3. c4 Bg7 4. Nc3 d6 5. Be2 e5 6. Nf3 Nd7 7. 0-0 Ngf6 8. Re1 0-0 9. Bf1 a5 10. h3 Re8 11. Rb1 exd4 12. Nxd4 Nc5 13. f3 Nh5 14. g4 Qh4 15. Nde2 Ng3 16. Bg2 Nxe2+ 17. Rxe2 Qg3 18. Be3 Ne6 19. Bf2 Qf4 20. Rd2 Be5 21. Kf1 Qf6 22. Ne2 Nf4 23. Nxf4 Qxf4 24. Rd3 Be6 25. b3 a4 26. Qd2 axb3 27. axb3 Qxd2 28. Rxd2 Bf4 29. Rd3 Ra3 30. Rbd1 c5 31. Kg1 Rea8 32. Bf1 Kf8 33. Be3 Bxe3+ 34. Rxe3 Ke7 35. f4 f6 36. g5 fxg5 37. fxg5 Rf8 38. Kg2 Rf4 39. Kg3 Rf7 40. Red3 Ra6 41. Be2 h6 42. gxh6 Rh7 43. Bg4 Rxh6 44. Kf4 Bxg4 45. hxg4 Rh2 46. Kg5 Re2 47. Rh1 Rxe4 48. Rh7+ Ke6 49. Rg7 Ra2 50. Rxg6+ Ke7 51. Rh3 Rg2 52. Kh5 Kf7 53. g5 Rf4 54. Rxd6 Rf5 55. Rg6 Rd2 56. Kh6 Rg2 57. Rg7+ Kf8 58. g6 Rf6 59. Kh7 Rg4 60. Rg8+ Ke7 61. g7 Rf7 62. Rh6 Rg3 63. Kh8 Rg4 64. Rh7 Kf6 65. Rh6+ Ke7 66. Rb8 Rgxg7 67. Rxb7+ Kd8 68. Rd6+ Kc8 69. Rxf7 Rxf7 70. Rc6+ Kb7 71. Rxc5 Kb6 72. Rb5+ Kc6 73. Kg8 Rf4 74. Kg7 Kc7 75. Kg6 1-0

[Event "LTU-ch"]
[Site "Vilnius"]
[Date "2000.03.26"]
[Round "2"]
[White "Stasiunaite, Lina"]
[Black "Jatautis, Donatas"]
[Result "1/2-1/2"]
[WhiteElo "2158"]
[BlackElo "2155"]
[PlyCount "66"]
[EventDate "2000.03.25"]
[EventType "swiss"]
[EventRounds "9"]
[EventCountry "LTU"]
[SourceTitle "CBM 075 Extra"]
[Source "ChessBase"]
[SourceDate "2000.05.11"]
[SourceVersion "2"]
[SourceVersionDate "2000.05.11"]
[SourceQuality "1"]

1. e4 c5 2. Nf3 d6 3. Bb5+ Bd7 4. Bxd7+ Qxd7 5. c4 Nc6 6. d4 cxd4 7. Nxd4 g6 8. Nc3 Bg7 9. Be3 Nf6 10. f3 0-0 11. 0-0 e6 12. Qd2 Rfd8 13. Rfd1 a6 14. Nde2 Qe7 15. Bb6 Rd7 16. Rac1 Rc8 17. b3 Ne5 18. Be3 Qd8 19. Na4 Rc6 20. Nd4 Rcc7 21. Nb6 Re7 22. Nc2 Nfd7 23. Qb4 a5 24. Qa3 Bf8 25. Nxd7 Rcxd7 26. Bg5 Qb6+ 27. Be3 Qa6 28. Bg5 Re8 29. Qb2 Bg7 30. Nd4 d5 31. f4 Nc6 32. e5 dxc4 33. Nxc6 Qxc6 1/2-1/2

[Event "LTU-ch (Women)"]
[Site "Vilnius"]
[Date "2000.??.??"]
[Round "?"]
[White "Batyte, Daiva"]
[Black "Stasiunaite, Lina"]
[Result "1/2-1/2"]
[WhiteElo "2133"]
[BlackElo "2158"]
[PlyCount "40"]
[EventDate "2000.??.??"]
[EventType "swiss"]
[EventRounds "9"]
[EventCountry "LTU"]
[SourceTitle "EXT 2005"]
[Source "ChessBase"]
[SourceDate "2004.11.15"]
[SourceVersion "1"]
[SourceVersionDate "2004.11.15"]
[SourceQuality "1"]

1. e4 c5 2. Nf3 Nc6 3. d4 cxd4 4. Nxd4 Nf6 5. Nc3 e5 6. Ndb5 d6 7. Bg5 a6 8. Na3 b5 9. Nd5 Be7 10. Bxf6 Bxf6 11. c3 0-0 12. Nc2 Bg5 13. a4 bxa4 14. Rxa4 a5 15. b4 Ne7 16. Bc4 Bd7 17. Ra3 axb4 18. Rxa8 Qxa8 19. Ncxb4 Nxd5 20. Nxd5 Qc6 1/2-1/2

[Event "LTU-ch (Women)"]
[Site "Vilnius"]
[Date "2000.??.??"]
[Round "?"]
[White "Morkunaite, Egle"]
[Black "Stasiunaite, Lina"]
[Result "1-0"]
[WhiteElo "2033"]
[BlackElo "2158"]
[PlyCount "61"]
[EventDate "2000.??.??"]
[EventType "swiss"]
[EventRounds "9"]
[EventCountry "LTU"]
[SourceTitle "EXT 2005"]
[Source "ChessBase"]
[SourceDate "2004.11.15"]
[SourceVersion "1"]
[SourceVersionDate "2004.11.15"]
[SourceQuality "1"]

1. e4 c5 2. Nf3 Nc6 3. d4 cxd4 4. Nxd4 Nf6 5. Nc3 e5 6. Ndb5 d6 7. Bg5 a6 8. Na3 b5 9. Bxf6 gxf6 10. Nd5 f5 11. Bxb5 axb5 12. Nxb5 Ra4 13. c4 Rxc4 14. Nbc7+ Kd7 15. Qh5 Ne7 16. Nb6+ Kxc7 17. Nxc4 Be6 18. Rc1 Kd7 19. 0-0 Ke8 20. Rfd1 Bxc4 21. Rxc4 fxe4 22. Rdc1 Qb6 23. Qh3 h5 24. Rc7 f5 25. Qh4 e3 26. Qf6 exf2+ 27. Kf1 Rh6 28. Rxe7+ Bxe7 29. Qxh6 Qxb2 30. Qxh5+ Kd8 31. Qh8+ 1-0

[Event "Olympiad Women-33"]
[Site "Elista"]
[Date "1998.10.09"]
[Round "10"]
[White "Atalik, Ekaterina"]
[Black "Stasiunaite, Lina"]
[Result "1-0"]
[WhiteElo "2325"]
[BlackElo "2145"]
[PlyCount "71"]
[EventDate "1998.09.29"]
[EventType "team-swiss"]
[EventRounds "13"]
[EventCountry "RUS"]
[SourceTitle "CBM 066 Extra"]
[Source "ChessBase"]
[SourceDate "1998.11.06"]
[SourceVersion "1"]
[SourceVersionDate "1998.11.06"]
[SourceQuality "1"]

1. e4 c5 2. Nf3 Nc6 3. Bb5 e6 4. b3 Nge7 5. Bb2 a6 6. Bxc6 Nxc6 7. 0-0 d6 8. d4 cxd4 9. Nxd4 e5 10. Ne2 Be7 11. f4 Bg4 12. h3 Qb6+ 13. Kh2 Nd4 14. Nbc3 h5 15. Nd5 Qc5 16. Bxd4 exd4 17. b4 Bxe2 18. Qxe2 Qc6 19. Qd3 Bd8 20. Qxd4 0-0 21. c4 Re8 22. a4 Rc8 23. Rfc1 Bf6 24. Nxf6+ gxf6 25. Qxf6 Qxe4 26. Ra3 Qe6 27. Rg3+ Kf8 28. Qd4 b5 29. axb5 axb5 30. Qg7+ Ke7 31. Qg5+ Kf8 32. Qxb5 Qe4 33. Qxh5 Qxf4 34. Rcc3 Ke7 35. Rce3+ Kd7 36. Qb5+ 1-0

[Event "Olympiad Women-33"]
[Site "Elista"]
[Date "1998.10.04"]
[Round "6"]
[White "Zagorskaya, Tatiana"]
[Black "Stasiunaite, Lina"]
[Result "0-1"]
[WhiteElo "2185"]
[BlackElo "2145"]
[PlyCount "92"]
[EventDate "1998.09.29"]
[EventType "team-swiss"]
[EventRounds "13"]
[EventCountry "RUS"]
[SourceTitle "CBM 066 Extra"]
[Source "ChessBase"]
[SourceDate "1998.11.06"]
[SourceVersion "1"]
[SourceVersionDate "1998.11.06"]
[SourceQuality "1"]

1. Nf3 d5 2. g3 Nf6 3. Bg2 c6 4. 0-0 Bf5 5. d3 h6 6. Nbd2 e6 7. Re1 Bc5 8. d4 Bd6 9. c4 0-0 10. a3 a5 11. c5 Be7 12. Ne5 b6 13. cxb6 Qxb6 14. Qa4 c5 15. e3 cxd4 16. exd4 Ra7 17. Nb1 Rc8 18. Nc3 Nc6 19. Nxc6 Rxc6 20. Bf1 Ne4 21. Nb5 Ra8 22. Be3 Ng5 23. Qd1 Rac8 24. h4 Ne4 25. Qf3 Nd6 26. a4 Be4 27. Qh5 Bg6 28. Qg4 Bf5 29. Qf3 Be4 30. Qh5 Nf5 31. Rad1 Bb4 32. Re2 Bc2 33. Ra1 Bd3 34. Qf3 Bxe2 35. Bxe2 Rc2 36. Bd3 Nxe3 37. fxe3 Rc1+ 38. Rxc1 Rxc1+ 39. Kh2 Qc6 40. Qf4 Rd1 41. Qb8+ Bf8 42. Na7 Qc1 43. Nc8 Rd2+ 44. Kh3 Qh1+ 45. Kg4 f5+ 46. Kf4 Rxd3 0-1

[Event "Olympiad Women-33"]
[Site "Elista"]
[Date "1998.09.30"]
[Round "2"]
[White "Ioseliani, Nana"]
[Black "Stasiunaite, Lina"]
[Result "1-0"]
[WhiteElo "2495"]
[BlackElo "2145"]
[PlyCount "113"]
[EventDate "1998.09.29"]
[EventType "team-swiss"]
[EventRounds "13"]
[EventCountry "RUS"]
[SourceTitle "CBM 066 Extra"]
[Source "ChessBase"]
[SourceDate "1998.11.06"]
[SourceVersion "1"]
[SourceVersionDate "1998.11.06"]
[SourceQuality "1"]

1. c4 Nf6 2. Nc3 e6 3. d4 d5 4. Nf3 c6 5. e3 Nbd7 6. Qc2 Bd6 7. b3 0-0 8. Be2 a6 9. 0-0 e5 10. cxd5 cxd5 11. dxe5 Nxe5 12. Nd4 Qc7 13. h3 Re8 14. Bb2 Nc6 15. Nf3 Be6 16. Rfd1 Rad8 17. Rac1 Qd7 18. Bf1 Bf5 19. Qe2 Qe7 20. Na4 Ne4 21. Nc3 Nf6 22. g3 Bb8 23. Na4 Ba7 24. Nd4 Bd7 25. Bg2 Ne4 26. Nxc6 Bxc6 27. Bd4 Bxd4 28. Rxd4 Bxa4 29. bxa4 Rc8 30. Rxc8 Rxc8 31. Qb2 Qf6 32. Bxe4 dxe4 33. Qb1 Qc6 34. Qxe4 Qxe4 35. Rxe4 Kf8 36. Rb4 Rc1+ 37. Kg2 Rc7 38. g4 Ke8 39. Kg3 Kd8 40. h4 Kc8 41. Rf4 Kd8 42. g5 Ke7 43. Rb4 Kd6 44. Rb6+ Ke5 45. Kg4 Ke4 46. h5 Rc2 47. f3+ Kxe3 48. Rb3+ Kf2 49. Rxb7 Rxa2 50. Rxf7 Rxa4+ 51. f4 Ke3 52. Kg3 g6 53. h6 Ra1 54. Re7+ Kd4 55. Rxh7 Rg1+ 56. Kf2 Rg4 57. Kf3 1-0

[Event "Stockholm op (Women)"]
[Site "Stockholm"]
[Date "1998.08.09"]
[Round "9"]
[White "Stasiunaite, Lina"]
[Black "Gazik, Renata"]
[Result "1/2-1/2"]
[WhiteElo "2145"]
[BlackElo "2195"]
[PlyCount "33"]
[EventDate "1998.08.??"]
[EventType "swiss"]
[EventRounds "9"]
[EventCountry "SWE"]
[SourceTitle "EXT 1999"]
[Source "ChessBase"]
[SourceDate "1998.11.16"]
[SourceVersion "1"]
[SourceVersionDate "1998.11.16"]
[SourceQuality "1"]

1. e4 e6 2. d4 d5 3. exd5 exd5 4. Nf3 Bd6 5. c4 Nf6 6. Nc3 dxc4 7. Bxc4 0-0 8. 0-0 Bg4 9. Bg5 h6 10. Bh4 Nc6 11. h3 Bxf3 12. Qxf3 Nxd4 13. Qxb7 Rb8 14. Qxa7 Ra8 15. Qb7 Rb8 16. Qa7 Ra8 17. Qb7 1/2-1/2

[Event "Stockholm op (Women)"]
[Site "Stockholm"]
[Date "1998.08.07"]
[Round "7"]
[White "Berg, Susanne"]
[Black "Stasiunaite, Lina"]
[Result "0-1"]
[WhiteElo "2080"]
[BlackElo "2145"]
[PlyCount "84"]
[EventDate "1998.08.??"]
[EventType "swiss"]
[EventRounds "9"]
[EventCountry "SWE"]
[SourceTitle "EXT 1999"]
[Source "ChessBase"]
[SourceDate "1998.11.16"]
[SourceVersion "1"]
[SourceVersionDate "1998.11.16"]
[SourceQuality "1"]

1. e4 c5 2. Nf3 Nc6 3. Bb5 e6 4. Bxc6 bxc6 5. 0-0 d5 6. d3 Nf6 7. e5 Nd7 8. Re1 Be7 9. Nbd2 0-0 10. Nf1 Ba6 11. h3 Rb8 12. Rb1 c4 13. d4 c3 14. b3 c5 15. dxc5 Nxc5 16. Nd4 Qc7 17. Ng3 Rfc8 18. Qg4 Bf8 19. Ba3 Kh8 20. Nh5 Qa5 21. Bxc5 Qxc5 22. Nf3 Rb4 23. Qg3 h6 24. a3 Re4 25. b4 Qc4 26. Red1 Bb5 27. Ne1 Qf1+ 28. Kh2 Be2 29. f3 Bxd1 30. Rxd1 Re2 31. Ra1 Qf2 32. Qxf2 Rxf2 33. Rc1 Rd2 34. Ng3 Be7 35. Nd3 Bg5 36. f4 Rxd3 37. cxd3 Bxf4 38. Rc2 Bxe5 39. h4 a5 40. Kh3 axb4 41. axb4 Rb8 42. Ne2 d4 0-1

[Event "Stockholm op (Women)"]
[Site "Stockholm"]
[Date "1998.08.05"]
[Round "5"]
[White "Stasiunaite, Lina"]
[Black "Horn, Emilia"]
[Result "1-0"]
[WhiteElo "2145"]
[BlackElo "2035"]
[PlyCount "75"]
[EventDate "1998.08.??"]
[EventType "swiss"]
[EventRounds "9"]
[EventCountry "SWE"]
[SourceTitle "EXT 1999"]
[Source "ChessBase"]
[SourceDate "1998.11.16"]
[SourceVersion "1"]
[SourceVersionDate "1998.11.16"]
[SourceQuality "1"]

1. e4 e5 2. Nf3 Nc6 3. Bb5 a6 4. Bxc6 dxc6 5. 0-0 f6 6. d4 exd4 7. Nxd4 c5 8. Nb3 Qxd1 9. Rxd1 Bg4 10. f3 Be6 11. Be3 b6 12. Nc3 Bd6 13. Nd5 0-0-0 14. a4 Ne7 15. a5 Bxd5 16. exd5 Nf5 17. Bf2 c4 18. Nd2 b5 19. Ne4 Rhe8 20. b3 cxb3 21. cxb3 Ne7 22. Rac1 Kb7 23. Nxd6+ cxd6 24. Bg3 Nf5 25. Rc6 Nxg3 26. hxg3 Re5 27. Rdc1 Rxd5 28. Rb6+ Ka8 29. Rxa6+ Kb8 30. Rb6+ Ka8 31. Rc7 Rc5 32. Rxg7 d5 33. Ra6+ Kb8 34. Raa7 d4 35. a6 Rc1+ 36. Kh2 Ra1 37. Rgb7+ Kc8 38. Ra8# 1-0

[Event "DEN-ch int U18"]
[Site "Tingkaerskolen"]
[Date "1997.??.??"]
[Round "2"]
[White "Carstensen, Jacob"]
[Black "Stasiunaite, Lina"]
[Result "1/2-1/2"]
[WhiteElo "2180"]
[BlackElo "2130"]
[PlyCount "108"]
[EventDate "1997.??.??"]
[EventType "swiss"]
[EventRounds "9"]
[EventCountry "DEN"]
[SourceTitle "EXT 1998"]
[Source "ChessBase"]
[SourceDate "1997.11.17"]
[SourceVersion "1"]
[SourceVersionDate "1997.11.17"]
[SourceQuality "1"]

1. d4 d5 2. c4 c6 3. cxd5 cxd5 4. Nc3 Nf6 5. Nf3 Nc6 6. Qb3 e6 7. Bg5 Be7 8. e3 0-0 9. Bd3 Bd7 10. 0-0 Rc8 11. a3 Na5 12. Qa2 Qb6 13. Ne5 Be8 14. f4 h6 15. Bh4 Bd8 16. Rac1 Nc6 17. Kh1 Nxe5 18. fxe5 Ng4 19. Nxd5 exd5 20. Rxc8 Bxh4 21. Qxd5 Nf2+ 22. Kg1 Qxb2 23. Bg6 Qb6 24. Rxe8 Qxg6 25. Rxf8+ Kxf8 26. Qxb7 Nh3+ 27. Kh1 Nf2+ 28. Rxf2 Bxf2 29. Qb8+ Ke7 30. Qxa7+ Ke6 31. Qa6+ Kd5 32. Qb7+ Kc4 33. Qb4+ Kd5 34. Qb3+ Ke4 35. Qb7+ Kxe3 36. Qf3+ Kxd4 37. Qxf2+ Kxe5 38. Qc5+ Kf4 39. Qd4+ Qe4 40. Qxe4+ Kxe4 41. g3 Kd3 42. Kg2 Kc3 43. Kf3 Kb3 44. Ke4 Kxa3 45. Ke5 Kb4 46. Kd6 Kc4 47. Ke7 f5 48. Ke6 g6 49. Kf6 Kd4 50. Kxg6 Ke4 51. h4 f4 52. gxf4 Kxf4 53. h5 Ke5 54. Kf7 Kf5 1/2-1/2

[Event "DEN-ch int U18"]
[Site "Tingkaerskolen"]
[Date "1997.??.??"]
[Round "7"]
[White "Dongart, Dennis"]
[Black "Stasiunaite, Lina"]
[Result "1/2-1/2"]
[WhiteElo "2155"]
[BlackElo "2130"]
[PlyCount "101"]
[EventDate "1997.??.??"]
[EventType "swiss"]
[EventRounds "9"]
[EventCountry "DEN"]
[SourceTitle "EXT 1998"]
[Source "ChessBase"]
[SourceDate "1997.11.17"]
[SourceVersion "1"]
[SourceVersionDate "1997.11.17"]
[SourceQuality "1"]

1. e4 e5 2. Nf3 Nf6 3. Nxe5 Nxe4 4. Qe2 Qe7 5. Qxe4 d6 6. d4 dxe5 7. Qxe5 Qxe5+ 8. dxe5 Bf5 9. Bb5+ Nd7 10. Bf4 g5 11. Bxg5 Rg8 12. Bf4 Rxg2 13. Bg3 Be4 14. Nd2 Bd5 15. c4 Rxg3 16. cxd5 Rg5 17. f4 Rf5 18. Ne4 0-0-0 19. Bxd7+ Rxd7 20. Nf6 Rd8 21. 0-0 Bh6 22. Rf3 Bg5 23. Ne4 Bh6 24. Raf1 Rg8+ 25. Kh1 Rg4 26. Rg3 Rg6 27. Rgf3 Rg4 28. Nf6 Rgxf4 29. Rxf4 Rxf4 30. Rxf4 Bxf4 31. e6 fxe6 32. dxe6 Bd6 33. Nxh7 Kd8 34. Kg2 Ke7 35. Ng5 Bf4 36. h4 Bc1 37. b3 Bxg5 38. hxg5 Kxe6 39. Kg3 Kf5 40. Kh4 Kg6 41. Kg4 c6 42. Kf4 c5 43. a3 b5 44. Ke4 Kxg5 45. Kd5 c4 46. bxc4 bxc4 47. Kxc4 Kf5 48. Kb5 Ke5 49. Ka6 Kd5 50. Kxa7 Kc5 51. a4 1/2-1/2

[Event "DEN-ch int U18"]
[Site "Tingkaerskolen"]
[Date "1997.??.??"]
[Round "1"]
[White "Stasiunaite, Lina"]
[Black "Bromann, Thorbjorn"]
[Result "0-1"]
[WhiteElo "2130"]
[BlackElo "2230"]
[PlyCount "60"]
[EventDate "1997.??.??"]
[EventType "swiss"]
[EventRounds "9"]
[EventCountry "DEN"]
[SourceTitle "EXT 1998"]
[Source "ChessBase"]
[SourceDate "1997.11.17"]
[SourceVersion "1"]
[SourceVersionDate "1997.11.17"]
[SourceQuality "1"]

1. e4 d5 2. exd5 Nf6 3. Nc3 Nxd5 4. Bc4 Nb6 5. Bb3 Nc6 6. Nf3 e5 7. d3 Be7 8. Qe2 Bg4 9. h3 Bxf3 10. Qxf3 0-0 11. 0-0 Kh8 12. a4 f5 13. a5 Nd7 14. Ba4 Nd4 15. Qxb7 f4 16. Nd5 Bd6 17. b4 Rb8 18. Qxa7 Nf6 19. Nxf6 Qxf6 20. Ba3 f3 21. g3 Qf5 22. Kh2 Rbd8 23. Qb7 c6 24. c3 Rf6 25. Bc1 g5 26. h4 Rh6 27. Rh1 Rxh4+ 28. gxh4 e4+ 29. Kg1 Qg4+ 30. Kf1 Qg2+ 0-1

[Event "DEN-ch int U18"]
[Site "Tingkaerskolen"]
[Date "1997.??.??"]
[Round "3"]
[White "Stasiunaite, Lina"]
[Black "Uvarov, Vyacheslav"]
[Result "1-0"]
[WhiteElo "2130"]
[BlackElo "2210"]
[PlyCount "67"]
[EventDate "1997.??.??"]
[EventType "swiss"]
[EventRounds "9"]
[EventCountry "DEN"]
[SourceTitle "EXT 1998"]
[Source "ChessBase"]
[SourceDate "1997.11.17"]
[SourceVersion "1"]
[SourceVersionDate "1997.11.17"]
[SourceQuality "1"]

1. e4 d6 2. d4 Nf6 3. Nc3 g6 4. f3 Bg7 5. Be3 c6 6. Qd2 b5 7. a4 b4 8. Nd1 a5 9. c3 bxc3 10. bxc3 0-0 11. Bd3 Ba6 12. Nf2 Bxd3 13. Nxd3 Nbd7 14. h4 Qb6 15. Ne2 Qa6 16. Bg5 Nb6 17. Nb2 Rfb8 18. h5 Nc4 19. Nxc4 Qxc4 20. hxg6 fxg6 21. Kf2 Rb7 22. Rhb1 Rxb1 23. Rxb1 Qxa4 24. Rb7 Re8 25. Nf4 Qc4 26. Ra7 a4 27. Kg3 Qb3 28. Nd3 a3 29. Nb4 Nh5+ 30. Kh2 Nf6 31. Nxc6 Qb6 32. Nxe7+ Kf8 33. Nc6 Nh5 34. Qa2 1-0

[Event "LTU-ch (Women)"]
[Site "Marijampole"]
[Date "1996.??.??"]
[Round "6"]
[White "Ciuksyte, Dagne"]
[Black "Stasiunaite, Lina"]
[Result "1-0"]
[WhiteElo "2245"]
[BlackElo "2155"]
[PlyCount "81"]
[EventDate "1996.??.??"]
[EventType "tourn"]
[EventRounds "11"]
[EventCountry "LTU"]
[SourceTitle "EXT 1997"]
[Source "ChessBase"]
[SourceDate "1996.11.15"]
[SourceVersion "1"]
[SourceVersionDate "1996.11.15"]
[SourceQuality "1"]

1. e4 c5 2. Nf3 Nc6 3. d4 cxd4 4. Nxd4 Nf6 5. Nc3 e5 6. Ndb5 d6 7. Nd5 Nxd5 8. exd5 Nb8 9. c4 a6 10. Nc3 Be7 11. Be2 0-0 12. 0-0 f5 13. f4 Nd7 14. Qc2 Nf6 15. Kh1 Kh8 16. g3 b6 17. b3 Qc7 18. a4 Rb8 19. Be3 g6 20. Rfd1 Bb7 21. Bf3 Kg7 22. Qd2 Rh8 23. a5 bxa5 24. Ne2 h5 25. Qxa5 Qd7 26. Qc3 h4 27. Kg1 hxg3 28. Nxg3 e4 29. Be2 Rh4 30. Ra2 Rbh8 31. Bf1 Kf7 32. h3 Rg8 33. c5 g5 34. c6 Qc8 35. fxg5 f4 36. Rf2 fxe3 37. Rxf6+ Ke8 38. Re6 Rxg5 39. Qf6 Rxg3+ 40. Kh2 Rh7 41. Kxg3 1-0

[Event "LTU-ch (Women)"]
[Site "Marijampole"]
[Date "1996.??.??"]
[Round "8"]
[White "Cmilyte, Viktorija"]
[Black "Stasiunaite, Lina"]
[Result "1/2-1/2"]
[WhiteElo "2110"]
[BlackElo "2155"]
[PlyCount "102"]
[EventDate "1996.??.??"]
[EventType "tourn"]
[EventRounds "11"]
[EventCountry "LTU"]
[SourceTitle "EXT 1997"]
[Source "ChessBase"]
[SourceDate "1996.11.15"]
[SourceVersion "1"]
[SourceVersionDate "1996.11.15"]
[SourceQuality "1"]

1. d4 d5 2. c4 c6 3. cxd5 cxd5 4. Nc3 Nf6 5. Nf3 Nc6 6. Bf4 e6 7. e3 Nh5 8. Bg5 Be7 9. Bxe7 Qxe7 10. Bb5 Bd7 11. Bxc6 Bxc6 12. Ne5 Nf6 13. Nxc6 bxc6 14. 0-0 0-0 15. Na4 e5 16. Rc1 Rfc8 17. Nc5 Rab8 18. b3 h6 19. Rc3 Rb5 20. Qc2 exd4 21. exd4 Qd6 22. Qf5 Re8 23. Nd3 Ne4 24. Rc2 g6 25. Qh3 Kg7 26. Qe3 Re6 27. Qc1 Nf6 28. g3 Nd7 29. Nf4 Rf6 30. Qd2 h5 31. Qe2 Rb4 32. Qd2 a5 33. h4 Qb8 34. Ne2 Re6 35. Rfc1 Qb6 36. Qg5 Nf6 37. Qd2 Ne4 38. Qd3 Rf6 39. Rf1 a4 40. bxa4 Rxa4 41. Kg2 Qa5 42. Nc1 Qa7 43. Ne2 Ra3 44. Qd1 Rxa2 45. Qb1 Rxc2 46. Qxc2 Qa3 47. Nf4 Qb4 48. Ra1 Qd6 49. Qc1 Qd7 50. Qe3 Qg4 51. Rc1 Qd7 1/2-1/2

[Event "LTU-ch (Women)"]
[Site "Marijampole"]
[Date "1996.??.??"]
[Round "11"]
[White "Stasiunaite, Lina"]
[Black "Zakrevskaja, Daiva"]
[Result "1/2-1/2"]
[WhiteElo "2155"]
[BlackElo "2085"]
[PlyCount "41"]
[EventDate "1996.??.??"]
[EventType "tourn"]
[EventRounds "11"]
[EventCountry "LTU"]
[SourceTitle "EXT 1997"]
[Source "ChessBase"]
[SourceDate "1996.11.15"]
[SourceVersion "1"]
[SourceVersionDate "1996.11.15"]
[SourceQuality "1"]

1. e4 c5 2. Nf3 e6 3. d4 cxd4 4. Nxd4 a6 5. c4 Qc7 6. Nc3 Nf6 7. Be2 Nc6 8. 0-0 Be7 9. Be3 0-0 10. Rc1 d6 11. f3 Nxd4 12. Bxd4 b6 13. Qd2 Nd7 14. Rfd1 Bb7 15. b3 Rfd8 16. Qe1 Bf6 17. Bxf6 Nxf6 18. Qf2 Rab8 19. Bd3 Qc5 20. Na4 Qxf2+ 21. Kxf2 1/2-1/2

[Event "LTU-ch (Women)"]
[Site "Panevezys"]
[Date "1995.??.??"]
[Round "8"]
[White "Ciuksyte, Dagne"]
[Black "Stasiunaite, Lina"]
[Result "1/2-1/2"]
[WhiteElo "2135"]
[BlackElo "2165"]
[PlyCount "43"]
[EventDate "1995.??.??"]
[EventType "swiss"]
[EventRounds "9"]
[EventCountry "LTU"]
[SourceTitle "EXT 1997"]
[Source "ChessBase"]
[SourceDate "1996.11.15"]
[SourceVersion "1"]
[SourceVersionDate "1996.11.15"]
[SourceQuality "1"]

1. e4 c5 2. Nf3 Nc6 3. d4 cxd4 4. Nxd4 Nf6 5. Nc3 e5 6. Nf5 d5 7. exd5 Bxf5 8. dxc6 bxc6 9. Qf3 Qd7 10. Bc4 Bd6 11. Qe2 h6 12. 0-0 0-0 13. f3 Bc7 14. Rd1 Qc8 15. Re1 Re8 16. Ne4 Nd5 17. Bb3 Qd8 18. Kh1 a5 19. a4 Rb8 20. Bd2 Bg6 21. Rad1 Qe7 22. Nc3 1/2-1/2